000 03345nam a22003377a 4500
001 TIGAL 0082
003 gtcocun
005 20250917183004.0
006 a||||gr|||| 00| 0
007 ta
008 250917b2024 gt ||||| m||| 00| 0 eng d
040 _agtcocun
_bSPA
_cgtcocun
_eRDA
041 _aSPA TIGAL 0082
084 _0TIGAL 0082
100 _aGalindo Veliz, Kimberly Adriana
_eAutor
245 _aINFORME FINAL DEL EJERCICIO PROFESIONAL SUPERVISADO, REALIZADO EN EL CASERÍO PANISTÉ Y MUNICIPALIDAD DE SAN CRISTÓBAL VERAPAZ, ALTA VERAPAZ/
_cKimberly Adriana Galindo Veliz.
_hImpreso
264 _aCobán, Alta Verapaz:
_bUniversidad de San Carlos de Guatemala, Centro Universitario del Norte, Carrera de Ingeniería en Gestión Ambiental Local
_c2024
300 _a123 p.:
_bIlustraciones, gráficas.
_c28 cm;
300 _cPDF
336 _2rdacontenido
_aTexto
_btxt
337 _2rdamedio
_aComputadora
_bn
338 _2rdasoporte
_aCódigo en línea
_bcr
502 _eTIGAL 0082
502 _aTesis de grado
_bCarrera de Ingeniería en Gestión Ambiental Local,
_cUniversidad de San Carlos de Guatemala, Centro Universitario del Norte, Carrera de Ingeniería en Gestión Ambiental Local
_d2024
_oTIGAL 0082
520 1 4 _aEl Ejercicio Profesional Supervisado tiene como objetivo principal llevar a la práctica los conocimientos teóricos adquiridos durante la formación académica, por medio de una inserción comunitaria. Es así, que el EPS fue realizado en el caserío Panisté del municipio de San Cristóbal Verapaz, Alta Verapaz. Donde se realizaron actividades de extensión rural que brindaron espacios para abordar problemas ambientales, específicamente en relación a la inadecuada gestión de los residuos y desechos sólidos. En primera instancia se realizó un diagnóstico comunitario, que fue base para establecer una jerarquización de problemas que permitiera buscar alternativas para abordar las problemáticas identificadas. A su vez, permitió establecer relaciones con los habitantes, principalmente grupo de mujeres y población infantil presente en la escuela de la comunidad. Las actividades desarrolladas en el caserío Panisté, estuvieron enfocadas en temas de educación ambiental, gestión integral de residuos y desechos sólidos, elaboración de huertos verticales, recuperación de cobertura forestal, entre otras. A su vez, se apoyó a la unidad de práctica institucional con talleres de capacitación, elaboración de guías y apoyo técnico al vivero municipal. La etapa de investigación se realizó en la cabecera municipal de San Cristóbal Verapaz, Alta Verapaz, enfocada a evaluar el manejo de los residuos y desechos domiciliares que realizan las viviendas estudiadas y, cómo estas influyen en la producción y composición física de los residuos que se generan.
650 1 4 _2LEMB
_aSan Cristóbal Verapaz, Alta Verapaz
_xIngeniería en Gestión Ambiental Local
_xProblemas ambientales
_xDesechos sólidos
_xDiagnóstico
_xEducación ambiental
_xTalleres de capacitación
700 _aIng. Agr. M.A. Marcos Rafael Flores Delgado
_eAsesor
856 _uhttps://drive.google.com/file/d/1vwy9HUVm7nnu4I7TLdWqwtd1V7wn5eR-/view
_yPDF
_zUn ejemplar en línea.
942 _2ddc
_cTES
_iTIGAL 0082
_kClasificación
_n0
_6TIGAL_0082_000000000000000
999 _c1897
_d1897